000 00886cam a22002534a 4500
001 12166206
005 20180131040013.0
008 000907s2001 ilua b 001 0 eng
010 _a 00011318
020 _a0226317226 (cloth : acidfree paper)
040 _aDLC
_cDLC
_dDLC
041 _aeng
042 _apcc
043 _an-us---
_an-us-ny
080 _a630.973022 har
082 0 0 _a630.973022 har
_221
100 1 _a9
101 _amje
245 1 0 _aChanging works :
_cDouglas Harper.
504 _aIncludes bibliographical references (p. 291-295) and index.
906 _a7
_bcbc
_corignew
_d1
_eecip
_f20
_gy-gencatlg
942 _2ddc
_cBK
999 _c41337
_d41337